| 000 | 00939nab a22002177a 4500 | ||
|---|---|---|---|
| 999 |
_c6082 _d6082 |
||
| 003 | OSt | ||
| 005 | 20260121190353.0 | ||
| 008 | 190502c xxu||||| |||| 00| 0 spa d | ||
| 040 | _cPJ | ||
| 100 |
_96858 _aHilgendorf, Eric |
||
| 245 | 1 | 3 |
_aTriaje, derecho y ética / _cEric Hilgendorf. |
| 260 |
_aCiudad Autónoma de Buenos Aires : _bThomson Reuters La Ley, _c2024. |
||
| 300 | _ap. 35-45 | ||
| 505 | _aSumario: I. La pandemia de coronavirus como desafío para el derecho.— II. Barreras argumentativas.— III. Opinión de las sociedades médicas.— IV. Triaje y derecho penal. | ||
| 505 | _t¿Te interesa el texto completo? Solicitalo al correo: koha@justierradelfuego.gov.ar | ||
| 650 | 0 |
_9343 _aDERECHO PENAL |
|
| 650 | 0 |
_95216 _aCORONAVIRUS |
|
| 650 | 0 |
_95233 _aPANDEMIA |
|
| 773 | 0 |
_02729 _93180 _dBuenos Aires : LexisNexis, 2006- _tRevista de derecho penal y procesal penal. Nº 6 - Junio 2024 _z9875920622 |
|
| 942 |
_2udc _cANA |
||